[Event "Torneo Estate Vomero"]
[Site "Napoli ITA"]
[Date "2006.06.29"]
[Round "4"]
[White "Esposito, Pino"]
[Black "Gallo, Thomas Renato"]
[Result "0-1"]
[WhiteElo "1759"]
[BlackElo "1865"]
[PlyCount "64"]
[EventDate "2006.06.08"]

1. Nf3 d6 2. g3 b6 3. Bg2 Bb7 4. O-O e5 5. d3 Nf6 6. c4 Be7 7. Nc3 O-O 8. b4
Nbd7 9. Bd2 Rb8 10. Rb1 e4 11. Nd4 c5 12. Nf5 exd3 13. Bxb7 Rxb7 14. exd3 Ne5
15. a3 Qc8 16. Ne3 cxb4 17. axb4 Nxd3 18. f4 d5 19. Ncxd5 Nxd5 20. cxd5 a5 21.
bxa5 Bc5 22. Qb3 Qf5 23. Kg2 Qe4+ 24. Rf3 Re8 25. Qc4 Nxf4+ 26. gxf4 Qxb1 27.
axb6 Bxb6 28. Qc6 Rbb8 29. Qc3 Qe4 30. Qc6 Bxe3 31. Bxe3 Rb3 32. Kg1 Rxe3 0-1

[Event "Torneo Estate Vomero"]
[Site "Napoli ITA"]
[Date "2006.06.29"]
[Round "4"]
[White "Longobardi, Giuseppe"]
[Black "Radice, Mario"]
[Result "1-0"]
[WhiteElo "1975"]
[BlackElo "1793"]
[PlyCount "87"]
[EventDate "2006.06.08"]

1. c4 Nf6 2. g3 d5 3. cxd5 Nxd5 4. Bg2 g6 5. Nc3 Nb6 6. Nf3 Bg7 7. O-O Nc6 8.
h3 Bf5 9. d3 Qd7 10. Kh2 O-O-O 11. a4 h5 12. a5 Nd5 13. Nxd5 Qxd5 14. Ng5 Qb5
15. Nxf7 Nxa5 16. Qa4 Qxa4 17. Rxa4 b6 18. b4 Rd4 19. Nxh8 Bxh8 20. Be3 Bd7 21.
Bxd4 Bxd4 22. Ra3 Nc6 23. e3 Bf6 24. Bxc6 Bxc6 25. Rxa7 Kb8 26. Ra2 Bd5 27. Rc2
Be5 28. d4 Bd6 29. b5 Be4 30. Rb2 h4 31. f4 hxg3+ 32. Kxg3 Kc8 33. h4 Kd7 34.
Rc1 Ba3 35. Rcb1 Ke6 36. Rb3 Bxb1 37. Rxb1 Kf5 38. Kf3 e6 39. e4+ Kf6 40. Rb3
Be7 41. Rc3 Bd8 42. Rc6 Kf7 43. Kg4 Kg7 44. Rxe6 1-0

[Event "Torneo Estate Vomero"]
[Site "Napoli ITA"]
[Date "2006.06.29"]
[Round "4"]
[White "Rosato, Luciano"]
[Black "Lombardi, Ottavio"]
[Result "1-0"]
[WhiteElo "2217"]
[BlackElo "1747"]
[PlyCount "49"]
[EventDate "2006.06.08"]

1. d4 d5 2. c4 c6 3. Nf3 Nf6 4. Nc3 e6 5. e3 Nbd7 6. Qc2 Bd6 7. g4 h6 8. h3
dxc4 9. Bxc4 b5 10. Be2 a6 11. e4 e5 12. g5 hxg5 13. Bxg5 exd4 14. Nxd4 Ne5 15.
f4 Neg4 16. Bxg4 Bxf4 17. Bxf4 Bxg4 18. Nce2 Rc8 19. O-O-O Bxe2 20. Nxe2 Qe7
21. Ng3 Qe6 22. Nf5 O-O 23. Rhe1 c5 24. Kb1 g6 25. Rd6 1-0

[Event "Torneo Estate Vomero"]
[Site "Napoli ITA"]
[Date "2006.06.29"]
[Round "4"]
[White "Schiappoli, Dario"]
[Black "Ficco, Corrado"]
[Result "0-1"]
[WhiteElo "1956"]
[BlackElo "2179"]
[PlyCount "68"]
[EventDate "2006.06.08"]

1. e4 g6 2. d4 Bg7 3. Nc3 c6 4. Bc4 d6 5. Nf3 Nf6 6. O-O b5 7. Bd3 O-O 8. h3 a6
9. Be3 Qc7 10. Qd2 e5 11. dxe5 dxe5 12. Bh6 Nbd7 13. Bxg7 Kxg7 14. Nh4 Nc5 15.
Nf5+ Bxf5 16. exf5 e4 17. Be2 Qe5 18. f4 exf3 19. Bxf3 Rad8 20. Qf2 Qxf5 21.
Bxc6 Qxf2+ 22. Rxf2 Rd6 23. Bf3 b4 24. Nd1 Rfd8 25. Ne3 Nfe4 26. Bxe4 Nxe4 27.
Rf4 Rd4 28. Raf1 f5 29. g4 Ng3 30. Rxd4 Rxd4 31. Rf3 f4 32. c3 bxc3 33. bxc3
Rd2 34. Nc4 34... Rxa2 {...} 0-1

[Event "Torneo Estate Vomero"]
[Site "Napoli ITA"]
[Date "2006.07.06"]
[Round "5"]
[White "Della Ragione, Achille"]
[Black "Cecaro, Dario"]
[Result "1-0"]
[WhiteElo "2036"]
[BlackElo "2132"]
[PlyCount "121"]
[EventDate "2006.06.08"]

1. c4 f5 2. Nc3 Nf6 3. g3 e6 4. Bg2 c6 5. d4 d5 6. cxd5 cxd5 7. Nf3 Nc6 8. O-O
Be7 9. Bf4 a6 10. Rc1 O-O 11. Na4 Bd7 12. Nc5 Bxc5 13. Rxc5 Ne4 14. Rc1 Qe7 15.
Ne5 g5 16. Nxc6 Bxc6 17. Be5 Nf6 18. Qd2 Ng4 19. f4 Nxe5 20. fxe5 h6 21. h4 Kg7
22. hxg5 hxg5 23. Kf2 f4 24. g4 Qf7 25. Rh1 Rh8 26. Bf3 Rxh1 27. Rxh1 Rh8 28.
Rxh8 Kxh8 29. e3 fxe3+ 30. Qxe3 Qg6 31. Be2 Kg7 32. Bd3 Qh6 33. Kg2 Bb5 34.
Bxb5 axb5 35. Qd3 Qh4 36. Qf3 Qh6 37. Qf1 Qg6 38. Kg3 Qh6 39. Qf3 Qg6 40. b3
Kg8 41. a3 Qb1 42. Qe3 Qg6 43. Kf3 Kg7 44. Qe2 Qf7+ 45. Ke3 Qf4+ 46. Kd3 Kh6
47. Kc3 Qc1+ 48. Kb4 Qf4 49. Qd1 Qf8+ 50. Kxb5 Qxa3 51. Qf3 Qa6+ 52. Kb4 Qb6+
53. Kc3 Qa5+ 54. Kd3 Qb5+ 55. Kc2 Qc6+ 56. Kb2 Qe8 57. Qf6+ Kh7 58. Qxg5 Qg6
59. Qe7+ Kh6 60. Qf6 Kh7 61. g5 {...} 1-0

[Event "Torneo Estate Vomero"]
[Site "Napoli ITA"]
[Date "2006.07.06"]
[Round "5"]
[White "Gallo, Thomas Renato"]
[Black "Rosato, Luciano"]
[Result "0-1"]
[WhiteElo "1865"]
[BlackElo "2217"]
[PlyCount "140"]
[EventDate "2006.06.08"]

1. d4 d6 2. g3 g6 3. Bg2 Bg7 4. e4 c6 5. c3 Nd7 6. Ne2 e5 7. Be3 Ngf6 8. h3 O-O
9. O-O Re8 10. Qc2 Qe7 11. Nd2 d5 12. Rfe1 exd4 13. Bxd4 dxe4 14. Nf4 Qf8 15.
Nxe4 Nxe4 16. Bxg7 Kxg7 17. Rxe4 Nf6 18. Rxe8 Qxe8 19. Qe2 Bf5 20. Re1 Qxe2 21.
Rxe2 Re8 22. Kf1 Rxe2 23. Nxe2 Bd3 24. Ke1 Bxe2 25. Kxe2 Nd7 26. b3 Kf6 27. Ke3
Ke5 28. f4+ Kd6 29. g4 f6 30. Bf3 g5 31. Be4 h6 32. Bf5 Nc5 33. fxg5 hxg5 34.
Kd4 b6 35. b4 Na6 36. Ke3 Ke5 37. Bc8 Nc7 38. c4 c5 39. a3 Ne8 40. Bb7 Nd6 41.
Ba6 Ne4 42. Bb7 Nc3 43. bxc5 bxc5 44. Bf3 Nb1 45. a4 Nc3 46. a5 Na2 47. Bd5 Nc1
48. Bb7 Nb3 49. a6 Nd4 50. Be4 Ne6 51. Bg2 Nf4 52. Bf1 Ng6 53. Bg2 Nf8 54. Bc6
Ne6 55. Bg2 Nc7 56. Bb7 Ne8 57. Bc6 Nd6 58. Bd5 Nc8 59. Bc6 Nd6 60. Bd5 f5 61.
gxf5 Nxf5+ 62. Kf3 Ne7 63. Bb7 Ng6 64. Kg4 Kf6 65. Bd5 Ne5+ 66. Kh5 Kf5 67. Kh6
Nd3 68. Bg8 Nb4 69. Bh7+ Kf6 70. Kh5 70... Nxa6 {...} 0-1

[Event "Torneo Estate Vomero"]
[Site "Napoli ITA"]
[Date "2006.07.06"]
[Round "5"]
[White "Giglio, Achille"]
[Black "Benedetto, Massimo"]
[Result "1-0"]
[WhiteElo "1744"]
[BlackElo "1918"]
[PlyCount "49"]
[EventDate "2006.06.08"]

1. e4 Nf6 2. e5 Nd5 3. c4 Nb6 4. d4 d6 5. f4 dxe5 6. fxe5 c5 7. d5 e6 8. d6
Qh4+ 9. g3 Qe4+ 10. Qe2 Qxh1 11. Nf3 Nc6 12. Nbd2 Bd7 13. Kf2 Nd4 14. Nxd4 cxd4
15. Nf3 Bc6 16. Bg2 Bxf3 17. Qxf3 Qxh2 18. Qxb7 Rd8 19. Bg5 f6 20. Rh1 Qxh1 21.
Bxh1 fxg5 22. c5 Nd5 23. Qc6+ Rd7 24. Qc8+ Rd8 25. Qxe6+ 1-0

[Event "Torneo Estate Vomero"]
[Site "Napoli ITA"]
[Date "2006.07.06"]
[Round "5"]
[White "Radice, Mario"]
[Black "Schiappoli, Dario"]
[Result "0-1"]
[WhiteElo "1793"]
[BlackElo "1956"]
[PlyCount "86"]
[EventDate "2006.06.08"]

1. e4 c5 2. Nf3 d6 3. d4 cxd4 4. Nxd4 Nf6 5. Nc3 a6 6. Be2 e5 7. Nf5 Nxe4 8.
Nxg7+ Bxg7 9. Nxe4 d5 10. Ng3 Be6 11. Nh5 Bf8 12. Bg4 Rg8 13. Bxe6 fxe6 14. Qf3
Nd7 15. h4 Qe7 16. a3 Rc8 17. Bg5 Qf7 18. Rh3 e4 19. Qxf7+ Kxf7 20. O-O-O h6
21. Be3 Rxg2 22. Nf4 Rg4 23. h5 Ne5 24. Ne2 Bg7 25. Rg1 Rxg1+ 26. Nxg1 Nd3+ 27.
Kb1 Nxb2 28. Bxh6 Bxh6 29. Kxb2 Rg8 30. Rg3 Rxg3 31. fxg3 Kf6 32. Nh3 Kf5 33.
Nf4 Bxf4 34. gxf4 Kf6 35. Kc3 Kg7 36. a4 Kh6 37. a5 Kxh5 38. Kd4 Kg6 39. Ke3
Kf5 40. c3 e5 41. fxe5 Kxe5 42. Ke2 Kd6 43. Ke3 Kc5 0-1

[Event "Torneo Estate Vomero"]
[Site "Napoli ITA"]
[Date "2006.07.20"]
[Round "6"]
[White "Della Ragione, Achille"]
[Black "Ficco, Corrado"]
[Result "0-1"]
[WhiteElo "2036"]
[BlackElo "2179"]
[PlyCount "98"]
[EventDate "2006.06.08"]

1. c4 Nf6 2. Nc3 d5 3. cxd5 Nxd5 4. g3 c5 5. Bg2 Nc7 6. Nf3 Nc6 7. O-O e5 8. d3
Be7 9. Be3 O-O 10. Rc1 Rb8 11. Nd2 Nd4 12. f4 Nf5 13. Bf2 exf4 14. gxf4 b6 15.
Nc4 Bb7 16. Bxb7 Rxb7 17. e4 Nd4 18. Ne3 f5 19. Ned5 Nce6 20. Bxd4 Nxd4 21. Ne2
Bf6 22. Kh1 Nc6 23. Rc2 g6 24. Ng3 Bg7 25. Rd2 Rd7 26. Rff2 Rdf7 27. Qf1 Qd7
28. Qg2 Rd8 29. h3 Kh8 30. Qf1 Rdf8 31. Qg2 Bd4 32. Rfe2 fxe4 33. dxe4 Ne7 34.
Nxe7 Qxe7 35. f5 Qg5 36. fxg6 hxg6 37. e5 Bxe5 38. Rd3 Qc1+ 39. Kh2 Bb8 40. h4
Qf4 41. Re4 Qh6 42. Kh3 Rf2 43. Qh1 Rxb2 44. Qa1 Qg7 45. Re1 Rbf2 46. Qxg7+
Kxg7 47. h5 R2f3 48. Rd7+ Kh6 49. Rg1 49... gxh5 $138 0-1

[Event "Torneo Estate Vomero"]
[Site "Napoli ITA"]
[Date "2006.07.20"]
[Round "6"]
[White "Longobardi, Giuseppe"]
[Black "Schiappoli, Dario"]
[Result "1-0"]
[WhiteElo "1975"]
[BlackElo "1956"]
[PlyCount "73"]
[EventDate "2006.06.08"]

1. c4 e5 2. Nc3 Nf6 3. Nf3 e4 4. Ng5 d5 5. cxd5 Bf5 6. Ngxe4 Nxe4 7. Nxe4 Qxd5
8. Nc3 Qe6 9. g3 Nc6 10. Bg2 O-O-O 11. O-O Bh3 12. Qb3 Qd7 13. d3 Bxg2 14. Kxg2
h5 15. h3 h4 16. g4 f5 17. Qa4 Bb4 18. a3 Bxc3 19. bxc3 Qd5+ 20. Kg1 Rde8 21.
Be3 Rhf8 22. Qc4 Qd6 23. Bc5 Qg6 24. Bxf8 Ne5 25. Qf4 fxg4 26. Kh1 Qc6+ 27. Qe4
Qxe4+ 28. dxe4 Rxf8 29. hxg4 Nxg4 30. f3 Ne3 31. Rg1 Rd8 32. Ra2 Rg8 33. Rg6
Kd7 34. Ra1 Ke7 35. Rag1 Kf7 36. f4 h3 37. R6g3 1-0

[Event "Torneo Estate Vomero"]
[Site "Napoli ITA"]
[Date "2006.07.20"]
[Round "6"]
[White "Rosato, Luciano"]
[Black "Giglio, Achille"]
[Result "1-0"]
[WhiteElo "2217"]
[BlackElo "1744"]
[PlyCount "105"]
[EventDate "2006.06.08"]

1. d4 d5 2. c4 e6 3. Nc3 Nf6 4. cxd5 exd5 5. Bg5 c6 6. Qc2 Nbd7 7. e3 Qa5 8.
Bd3 Bb4 9. Nge2 O-O 10. O-O Re8 11. a3 Bd6 12. Rfc1 h6 13. Bh4 a6 14. b4 Qc7
15. Bg3 Nb6 16. a4 Nh5 17. a5 Nxg3 18. hxg3 Nc4 19. Bxc4 dxc4 20. Rab1 Qe7 21.
Na2 Be6 22. Nf4 Bxf4 23. gxf4 Qf6 24. Nc3 Bf5 25. e4 Bxe4 26. Nxe4 Qxd4 27. Re1
Qd3 28. Qxd3 cxd3 29. Nc5 Rxe1+ 30. Rxe1 Rd8 31. Rd1 Rd4 32. Rxd3 Rxb4 33. Rd7
Rb1+ 34. Kh2 b6 35. axb6 Rxb6 36. Ra7 Rb2 37. Kg3 Ra2 38. Rxa6 Rxa6 39. Nxa6
Kf8 40. Nb8 f5 41. Nxc6 Kf7 42. Kh4 g6 43. Kg3 Kf6 44. Kf3 g5 45. Nd4 Kg6 46.
Kg3 Kf6 47. fxg5+ hxg5 48. Kf3 Ke5 49. Ke3 Kf6 50. Nc6 Ke6 51. f4 g4 52. g3 Kd5
53. Nd4 1-0

[Event "Torneo Estate Vomero"]
[Site "Napoli ITA"]
[Date "2006.07.27"]
[Round "7"]
[White "Altieri, Danilo Mario"]
[Black "Giglio, Achille"]
[Result "1-0"]
[WhiteElo "1969"]
[BlackElo "1744"]
[PlyCount "81"]
[EventDate "2006.06.08"]

1. d4 d5 2. Nf3 Nf6 3. c3 Bg4 4. Ne5 Bh5 5. g3 e6 6. Bg2 c6 7. O-O Bd6 8. f4
O-O 9. Nd2 Nbd7 10. Qe1 Ne8 11. e4 f6 12. Nxd7 Qxd7 13. e5 Bc7 14. b3 fxe5 15.
fxe5 Rxf1+ 16. Qxf1 Qf7 17. Qd3 Bg6 18. Qe3 Bd8 19. Ba3 h6 20. Rf1 Qd7 21. Rf8+
Kh7 22. h4 Nc7 23. Bh3 Bg5 24. hxg5 Rxf8 25. Bxf8 Qf7 26. Qf4 Nb5 27. Qxf7 Bxf7
28. Bb4 hxg5 29. a4 Nc7 30. Bd6 Ne8 31. c4 g6 32. cxd5 cxd5 33. b4 a6 34. Nb3
b6 35. a5 bxa5 36. bxa5 Ng7 37. Nc5 Nf5 38. Bxf5 gxf5 39. Nxa6 f4 40. gxf4 gxf4
41. Nc7 1-0

[Event "Torneo Estate Vomero"]
[Site "Napoli ITA"]
[Date "2006.07.27"]
[Round "7"]
[White "Ficco, Corrado"]
[Black "Cecaro, Dario"]
[Result "1-0"]
[WhiteElo "2179"]
[BlackElo "2132"]
[PlyCount "89"]
[EventDate "2006.06.08"]

1. g3 d5 2. Nf3 e6 3. Bg2 f5 4. d3 Nf6 5. O-O Be7 6. c4 c6 7. Qc2 O-O 8. Nbd2
Nbd7 9. e4 dxe4 10. dxe4 f4 11. Ng5 Nc5 12. e5 g6 13. exf6 Bxf6 14. Nde4 Bxg5
15. Nxc5 fxg3 16. hxg3 Bf6 17. Bh6 Rf7 18. Rad1 Qc7 19. Ne4 Be7 20. Qd3 e5 21.
Nd6 Bf5 22. Nxf5 gxf5 23. Qf3 Bc5 24. Be3 Bf8 25. Rfe1 Re8 26. Bc1 Bb4 27. Bd2
Bc5 28. Bc3 Re6 29. Kf1 Qe7 30. a3 e4 31. Qh5 e3 32. f4 Rg6 33. Qf3 Qe6 34.
Rd8+ Rf8 35. Rxf8+ Kxf8 36. Qe2 Rxg3 37. b4 Be7 38. Bf3 Qh6 39. Qxe3 Qh3+ 40.
Ke2 Qh4 41. Kd3 Rg6 42. Kc2 Rd6 43. Kb3 Rd8 44. Bh5 Bd6 45. Qd4 1-0

[Event "Torneo Estate Vomero"]
[Site "Napoli ITA"]
[Date "2006.07.27"]
[Round "7"]
[White "Gallo, Thomas Renato"]
[Black "Di Giulio, Massimo"]
[Result "1-0"]
[WhiteElo "1865"]
[BlackElo "2033"]
[PlyCount "51"]
[EventDate "2006.06.08"]

1. d4 Nf6 2. c4 g6 3. Nc3 Bg7 4. e3 O-O 5. Nf3 d6 6. Be2 Nc6 7. O-O Bf5 8. Nh4
Bd7 9. f4 e5 10. fxe5 dxe5 11. d5 Ne7 12. e4 Ne8 13. Be3 Nxd5 14. Nxd5 Qxh4 15.
Nxc7 Nxc7 16. Qxd7 Qxe4 17. Bc5 Rfd8 18. Qxf7+ Kh8 19. Bf3 Qf5 20. Bxb7 Qd7 21.
Bxa8 Nxa8 22. Qxd7 Rxd7 23. Rad1 Rxd1 24. Rxd1 Bf6 25. Bxa7 Nc7 26. b4 1-0

[Event "Torneo Estate Vomero"]
[Site "Napoli ITA"]
[Date "2006.07.27"]
[Round "7"]
[White "Rosato, Luciano"]
[Black "Della Ragione, Achille"]
[Result "1-0"]
[WhiteElo "2217"]
[BlackElo "2036"]
[PlyCount "23"]
[EventDate "2006.06.08"]

1. d4 d5 2. c4 Bf5 3. Qb3 e5 4. Qxb7 Nd7 5. dxe5 Bxb1 6. Rxb1 dxc4 7. Nf3 c3 8.
bxc3 f5 9. e6 Nb6 10. Qc6+ Ke7 11. Ba3+ Kf6 12. e7+ 1-0

[Event "Torneo Estate Vomero"]
[Site "Napoli ITA"]
[Date "2006.07.27"]
[Round "7"]
[White "Schiappoli, Dario"]
[Black "Valenzi, Marco"]
[Result "1-0"]
[WhiteElo "1956"]
[BlackElo "1879"]
[PlyCount "47"]
[EventDate "2006.06.08"]

1. e4 c5 2. Nf3 d6 3. d4 cxd4 4. Nxd4 Nf6 5. Nc3 g6 6. h4 Bg7 7. Be3 Nc6 8. h5
Nxh5 9. Be2 Nf6 10. Qd2 Nxd4 11. Bxd4 Be6 12. g4 O-O 13. g5 Ng4 14. Bxg7 Kxg7
15. Rh4 f5 16. O-O-O Qa5 17. f3 Ne5 18. f4 Nc6 19. Bb5 Rh8 20. Bxc6 bxc6 21.
Qd4+ Kg8 22. Rdh1 Rf8 23. Rh6 Bf7 24. Qxh8+ 1-0

[Event "II Open A Primavera"]
[Site "Como ITA"]
[Date "2006.04.21"]
[Round "1"]
[White "Calabrese, Salvatore"]
[Black "Trifoni, Giorgio"]
[Result "0-1"]
[WhiteElo "1419"]
[BlackElo "1673"]
[PlyCount "94"]
[EventDate "2006.04.21"]

1. e4 c5 2. b3 e6 3. Bc4 a6 4. a4 Nc6 5. Nf3 Nf6 6. Nc3 Qc7 7. O-O g6 8. Re1
Bg7 9. g3 O-O 10. Bb2 b6 11. Ng5 Bb7 12. f3 Qe5 13. f4 Qd4+ 14. Re3 h6 15. Nf3
Qd6 16. e5 Qc7 17. exf6 Bxf6 18. Rb1 d5 19. Bd3 d4 20. Nb5 axb5 21. axb5 Nb4
22. Re1 Nxd3 23. cxd3 Qd7 24. Rf1 Qxb5 25. Qc2 Ra2 26. Ne5 Bxe5 27. fxe5 Bd5
28. Qd1 Qxb3 29. Qxb3 Bxb3 30. Bc1 Bc2 31. Rxb6 Bxd3 32. Re1 Rc2 33. Rc6 h5 34.
Rd1 Ra8 35. Bb2 Rxb2 36. Rxc5 Raa2 37. h3 Be2 38. Rdc1 Rxd2 39. Kf2 Ba6+ 40.
Kf3 Rf2+ 41. Ke4 Rae2+ 42. Kxd4 Rf3 43. Ra1 Bb7 44. Rc7 Re4+ 45. Kc5 Rc3+ 46.
Kb6 Rb4+ 47. Ka7 Rxc7 0-1

[Event "II Open A Primavera"]
[Site "Como ITA"]
[Date "2006.04.21"]
[Round "1"]
[White "Cervini, Gian Piero"]
[Black "Giaracuni, Claudio"]
[Result "1-0"]
[WhiteElo "1831"]
[BlackElo "1613"]
[PlyCount "35"]
[EventDate "2006.04.21"]

1. e4 c5 2. c3 Nc6 3. Nf3 d5 4. exd5 Qxd5 5. d4 cxd4 6. cxd4 Bg4 7. Nc3 Bxf3 8.
gxf3 Qxd4 9. Qb3 O-O-O 10. Be3 Qb4 11. Qxf7 Qxb2 12. Rc1 Nf6 13. Bh3+ Kb8 14.
O-O Nd4 15. Bxd4 Rxd4 16. Qe6 Nd7 17. Nd5 Qxa2 18. Rc8+ 1-0

[Event "II Open A Primavera"]
[Site "Como ITA"]
[Date "2006.04.21"]
[Round "1"]
[White "Corti, Filippo"]
[Black "Liscio, Giovanni"]
[Result "0-1"]
[WhiteElo "1637"]
[BlackElo "2009"]
[PlyCount "96"]
[EventDate "2006.04.21"]

1. Nf3 d5 2. g3 c5 3. Bg2 Nc6 4. d3 e5 5. Nbd2 Nf6 6. O-O Be7 7. e4 d4 8. Nc4
Qc7 9. a4 Be6 10. Nfd2 O-O 11. h3 Nd7 12. f4 f6 13. f5 Bf7 14. Bf3 b6 15. Bh5
g6 16. Bg4 Kg7 17. fxg6 hxg6 18. Qf3 Rh8 19. Rf2 Nf8 20. Nf1 Ne6 21. h4 Raf8
22. Qg2 Ned8 23. Nh2 Nb7 24. Bd2 a6 25. Raf1 b5 26. axb5 axb5 27. Na3 Nd6 28.
b3 Ra8 29. Bc1 c4 30. bxc4 bxc4 31. Nxc4 Nxc4 32. dxc4 Bxc4 33. Rd1 Ra2 34. Qf3
Bf7 35. Bg5 Qd6 36. Rdf1 Bc4 37. Bxf6+ Bxf6 38. Qxf6+ Qxf6 39. Rxf6 Nb4 40.
R1f2 Rxc2 41. Rb6 Rxf2 42. Kxf2 Rf8+ 43. Kg2 Nc2 44. Kh3 Ne3 45. Rb7+ Rf7 46.
Rxf7+ Kxf7 47. Nf3 Bf1+ 48. Kh2 Nxg4+ 0-1

[Event "II Open A Primavera"]
[Site "Como ITA"]
[Date "2006.04.21"]
[Round "1"]
[White "Curioni, Franco"]
[Black "Cimatti, Stefano"]
[Result "1-0"]
[WhiteElo "1658"]
[BlackElo "1398"]
[PlyCount "51"]
[EventDate "2006.04.21"]

1. e4 d5 2. exd5 Nf6 3. Nf3 Qxd5 4. Nc3 Qh5 5. Be2 Bg4 6. O-O Nc6 7. h3 Bxf3 8.
Bxf3 Qc5 9. d4 Nxd4 10. Bxb7 Rb8 11. Be3 e5 12. Re1 Be7 13. f4 Rd8 14. fxe5
Qxe5 15. Bf2 Qd6 16. Ne4 Nxe4 17. Bxe4 O-O 18. Qxd4 Qxd4 19. Bxh7+ Kxh7 20.
Bxd4 Rxd4 21. Rxe7 Rc4 22. c3 Kg6 23. Rf1 f5 24. Rfe1 f4 25. R1e6+ Kg5 26. Ra6
1-0

[Event "II Open A Primavera"]
[Site "Como ITA"]
[Date "2006.04.21"]
[Round "1"]
[White "Ghelfi, Giancarlo"]
[Black "Emoroso, Claudio"]
[Result "0-1"]
[WhiteElo "1622"]
[BlackElo "1832"]
[PlyCount "102"]
[EventDate "2006.04.21"]

1. e4 e5 2. Nf3 Nc6 3. Bb5 a6 4. Ba4 Nf6 5. O-O b5 6. Bb3 Be7 7. Re1 O-O 8. c3
d6 9. d4 Bg4 10. d5 Na5 11. Bc2 Nc4 12. b3 Nb6 13. Nbd2 Qc8 14. Nf1 h6 15. Ne3
Bh5 16. Nf5 Re8 17. Qd3 Bf8 18. Bd1 Bg6 19. N3h4 Bh7 20. Qg3 Kh8 21. Qh3 g6 22.
Nxh6 Qxh3 23. gxh3 Bxh6 24. Bxh6 g5 25. Nf3 Nxe4 26. Rc1 Nxd5 27. c4 Nf4 28.
Bc2 Nxh3+ 29. Kf1 Nexf2 30. Nxg5 Nxg5 31. Bxg5 Nd3 32. Bxd3 Bxd3+ 33. Kf2 bxc4
34. bxc4 Rab8 35. Rg1 Rg8 36. Ke3 Bg6 37. Rg3 Kg7 38. Rcg1 f5 39. Kf3 Bh5+ 40.
Kf2 Kf7 41. h4 Rb2+ 42. Ke1 Rxa2 43. Rb3 Rc2 44. Rb4 a5 45. Ra4 Rb8 46. Ra1
Rbb2 47. Bh6 Re2+ 48. Kf1 Rf2+ 49. Ke1 Rbe2+ 50. Kd1 Ra2+ 51. Ke1 Rfe2+ 0-1

[Event "II Open A Primavera"]
[Site "Como ITA"]
[Date "2006.04.21"]
[Round "1"]
[White "Grassetto, Gilberto"]
[Black "Rossi, Silio"]
[Result "1-0"]
[WhiteElo "1760"]
[BlackElo "1592"]
[PlyCount "75"]
[EventDate "2006.04.21"]

1. d4 Nf6 2. c4 c6 3. Nc3 e6 4. e4 Bb4 5. Bd3 Ba5 6. Nge2 d6 7. O-O Nfd7 8. f4
Bxc3 9. bxc3 Nb6 10. Ng3 g6 11. f5 exf5 12. exf5 Qh4 13. Re1+ Kf8 14. Ba3 Qd8
15. Qf3 Bd7 16. Bxd6+ Kg8 17. fxg6 hxg6 18. Re7 Be6 19. Ba3 Nc8 20. Rxb7 Qh4
21. d5 Qxh2+ 22. Kf2 Qh4 23. dxe6 f5 24. Rh1 Qf6 25. Rxh8+ Kxh8 26. Ne4 Qh4+
27. Qg3 Qxg3+ 28. Nxg3 Nb6 29. e7 N8d7 30. c5 Nf6 31. cxb6 axb6 32. Bd6 Rxa2+
33. Kf3 Ra8 34. Be5 Re8 35. Bxf6+ Kg8 36. Bc4+ Kh7 37. Bf7 Rxe7 38. Rxe7 1-0

[Event "II Open A Primavera"]
[Site "Como ITA"]
[Date "2006.04.21"]
[Round "1"]
[White "Lotti, Riccardo"]
[Black "Fogli, Antonio"]
[Result "0-1"]
[WhiteElo "1395"]
[BlackElo "1580"]
[PlyCount "30"]
[EventDate "2006.04.21"]

1. d4 Nf6 2. c4 e6 3. Nc3 d5 4. e3 b6 5. Nf3 Bb7 6. Be2 Nbd7 7. Ne5 a6 8. Qa4
Bd6 9. O-O O-O 10. Bd3 Nxe5 11. dxe5 Bxe5 12. Rd1 Ng4 13. cxd5 Qh4 14. g3 Qxh2+
15. Kf1 Qxf2# 0-1

[Event "II Open A Primavera"]
[Site "Como ITA"]
[Date "2006.04.21"]
[Round "1"]
[White "Napoli, Ferdinando"]
[Black "Boffi, Luigi"]
[Result "1-0"]
[WhiteElo "1850"]
[BlackElo "1623"]
[PlyCount "39"]
[EventDate "2006.04.21"]

1. e4 c5 2. Nf3 d6 3. d4 cxd4 4. Nxd4 Nf6 5. Nc3 a6 6. Bg5 e6 7. f4 Be7 8. Qf3
Qc7 9. O-O-O b5 10. Bxf6 Bxf6 11. Bxb5+ axb5 12. Ndxb5 Qa5 13. Nxd6+ Ke7 14. e5
Nd7 15. Rhe1 Rd8 16. Qh5 Rf8 17. Qf3 Ba6 18. exf6+ Nxf6 19. Re5 Qc7 20. Nf5+
1-0

[Event "II Open A Primavera"]
[Site "Como ITA"]
[Date "2006.04.21"]
[Round "1"]
[White "Petetta, Roberto"]
[Black "Nika, Isak"]
[Result "0-1"]
[WhiteElo "1718"]
[BlackElo "1494"]
[PlyCount "108"]
[EventDate "2006.04.21"]

1. e4 e5 2. f4 exf4 3. Nf3 Nc6 4. Bc4 Bd6 5. O-O Qe7 6. Nc3 Ne5 7. Nxe5 Bxe5 8.
d4 Bd6 9. e5 Bxe5 10. Kh1 Qb4 11. Bxf7+ Kxf7 12. Qh5+ g6 13. Qxe5 Nf6 14. Rxf4
Qe7 15. Nd5 Qxe5 16. dxe5 Ke6 17. Nxf6 Kxe5 18. Bd2 d5 19. Re1+ Kd6 20. Bb4+ c5
21. Bd2 Bf5 22. c3 h5 23. Rf3 Raf8 24. Bf4+ Kc6 25. Bg5 b6 26. Rfe3 d4 27. cxd4
cxd4 28. Re7 a5 29. Kg1 d3 30. Ne4 Rc8 31. Bd2 Bxe4 32. R1xe4 Kd6 33. Kf2 Rc2
34. Ke3 Rxb2 35. Kd4 Kc6 36. Kc3 Rxa2 37. Rd4 Rc8 38. Kxd3 Kb5 39. Rg7 Rcc2 40.
Ke3 Rc6 41. h4 Kc5 42. g3 b5 43. Kf3 b4 44. Rd3 Kb5 45. Kf4 a4 46. Kg5 b3 47.
Rxg6 Rxg6+ 48. Kxg6 Rxd2 49. Rxd2 a3 50. Rd5+ Kc4 51. Ra5 a2 52. Kxh5 Kc3 53.
Kg6 b2 54. Rxa2 b1=Q+ 0-1

[Event "II Open A Primavera"]
[Site "Como ITA"]
[Date "2006.04.21"]
[Round "1"]
[White "Raineri, Pieroberto"]
[Black "Luppi, Dario"]
[Result "1-0"]
[WhiteElo "1583"]
[BlackElo "1733"]
[PlyCount "37"]
[EventDate "2006.04.21"]

1. Nf3 Nf6 2. c4 Nc6 3. d4 e6 4. Nc3 Bb4 5. Qc2 d6 6. a3 Bxc3+ 7. Qxc3 h6 8. b4
b6 9. d5 exd5 10. cxd5 Ne7 11. e4 Nxe4 12. Qxg7 Rg8 13. Qd4 Ng5 14. Nh4 Nf5 15.
Nxf5 Bxf5 16. Bb5+ Kf8 17. h4 Ne4 18. Bxh6+ Ke7 19. f3 1-0

[Event "II Open A Primavera"]
[Site "Como ITA"]
[Date "2006.04.28"]
[Round "2"]
[White "Boffi, Luigi"]
[Black "Calabrese, Salvatore"]
[Result "1-0"]
[WhiteElo "1623"]
[BlackElo "1419"]
[PlyCount "77"]
[EventDate "2006.04.21"]

1. Nf3 f5 2. d4 Nf6 3. c4 d5 4. Nc3 e6 5. Bg5 Bb4 6. e3 c6 7. a3 Be7 8. Bd3
Nfd7 9. Bxe7 Qxe7 10. cxd5 c5 11. Nb5 Na6 12. d6 Qd8 13. Rc1 b6 14. Ne5 O-O 15.
Nc6 Qe8 16. Ne7+ Kh8 17. Nxc8 Qxc8 18. O-O Rf7 19. Qb3 Nf6 20. Bxf5 Nd5 21. Be4
Qd7 22. Bxd5 exd5 23. Qxd5 Rc8 24. Qb3 Qf5 25. dxc5 Nxc5 26. Qc4 Rd8 27. Rcd1
Qf6 28. b4 a6 29. bxc5 axb5 30. Qxb5 bxc5 31. Qxc5 Rfd7 32. e4 Rxd6 33. Rxd6
Rxd6 34. e5 Qf5 35. Qxd6 g6 36. e6 Kg7 37. e7 Qc8 38. Qd8 Qc3 39. Qf8# 1-0

[Event "II Open A Primavera"]
[Site "Como ITA"]
[Date "2006.04.28"]
[Round "2"]
[White "Cimatti, Stefano"]
[Black "Ghelfi, Giancarlo"]
[Result "0-1"]
[WhiteElo "1398"]
[BlackElo "1622"]
[PlyCount "52"]
[EventDate "2006.04.21"]

1. c4 Nf6 2. Nc3 g6 3. Nf3 Bg7 4. e3 O-O 5. g3 d6 6. d4 Nbd7 7. Bg2 e5 8. d5 a5
9. O-O Nc5 10. Qc2 Bf5 11. e4 Nfxe4 12. Nxe4 Nxe4 13. Qe2 Nc5 14. Nh4 Bd3 15.
Qg4 Bxf1 16. Kxf1 Qd7 17. Qh3 Qxh3 18. Bxh3 f5 19. Bg5 e4 20. Rb1 Nd3 21. b4
axb4 22. f3 Rxa2 23. Kg1 Bd4+ 24. Kh1 Nf2+ 25. Kg2 Ng4+ 26. Kh1 Rxh2# 0-1

[Event "II Open A Primavera"]
[Site "Como ITA"]
[Date "2006.04.28"]
[Round "2"]
[White "Emoroso, Claudio"]
[Black "Raineri, Pieroberto"]
[Result "1/2-1/2"]
[WhiteElo "1832"]
[BlackElo "1583"]
[PlyCount "53"]
[EventDate "2006.04.21"]

1. e4 c5 2. f4 d6 3. Bb5+ Nc6 4. Nf3 a6 5. Bxc6+ bxc6 6. O-O g6 7. d3 Bg7 8. c3
Qb6 9. Kh1 Nf6 10. Nbd2 Be6 11. Nc4 Bxc4 12. dxc4 Nxe4 13. Qc2 f5 14. Ng5 Nxg5
15. fxg5 O-O-O 16. Rb1 h6 17. gxh6 Bxh6 18. Bxh6 Rxh6 19. b4 cxb4 20. cxb4
Rxh2+ 21. Kxh2 Rh8+ 22. Kg3 Qe3+ 23. Rf3 f4+ 24. Kg4 Qe6+ 25. Kxf4 Qe5+ 26. Kg4
Qh5+ 27. Kf4 1/2-1/2